P. Virgilii Maronis Opera omnia (Record no. 167697)

MARC details
000 -LEADER
campo de control de longitud fija 00834nam a22002295i 4500
001 - NÚMERO DE CONTROL
campo de control 167697
003 - IDENTIFICADOR DE NÚMERO DE CONTROL
campo de control ES-MaACL
005 - FECHA Y HORA DE LA ÚLTIMA TRANSACCIÓN
campo de control 20230906213557.0
008 - DATOS DE LONGITUD FIJA--INFORMACIÓN GENERAL
campo de control de longitud fija 940206s1869 sp |||| | lat d
040 ## - FUENTE DE CATALOGACIÓN
Centro catalogador/agencia de origen CAM
Lengua de catalogación spa
100 1# - ENTRADA PRINCIPAL--NOMBRE DE PERSONA
Nombre de persona Virgilio Marón, Publio.
9 (RLIN) 115452
245 10 - MENCIÓN DEL TÍTULO
Título P. Virgilii Maronis Opera omnia
Resto del título : = Obras completas de P. Virgilio Marón /
Mención de responsabilidad, etc. traducidas al castellano por Eugenio de Ochoa.
260 ## - PUBLICACIÓN, DISTRIBUCIÓN, ETC.
Lugar de publicación, distribución, etc. Madrid :
Nombre del editor, distribuidor, etc. [s.n.],
Fecha de publicación, distribución, etc. 1869 (
Fabricante M. Rivadeneyra)
300 ## - DESCRIPCIÓN FÍSICA
Extensión XXXV, 816 p., [1] h. de lam. ;
Dimensiones 22 cm.
596 ## - NOTA AL PIE DE IMPRENTA
NOTA AL PIE DE IMPRENTA Marca tip. en port.
599 ## - NOTA A LAS ILUSTRACIONES
NOTA A LAS ILUSTRACIONES La h. de lam.: Retr. de Virgilio.
700 11 - ENTRADA AGREGADA--NOMBRE PERSONAL
Nombre de persona Ochoa, Eugenio de,
Término indicativo de función/relación
9 (RLIN) 86476
700 11 - ENTRADA AGREGADA--NOMBRE PERSONAL
Nombre de persona Rivadeneyra, Manuel,
Término indicativo de función/relación
9 (RLIN) 131854
740 10 - ENTRADA AGREGADA--TÍTULO RELACIONADO/ANALÍTICO NO CONTROLADO
Título relacionado o analítico no controlado Obras completas de P. Virgilio Marón.
740 0# - ENTRADA AGREGADA--TÍTULO RELACIONADO/ANALÍTICO NO CONTROLADO
Título relacionado o analítico no controlado Opera omnia.
852 ## - LOCALIZACIÓN
Ubicación ES-MaACL
Número de control de estantería B-3607
Nota libre -- Enc. hol.
Holdings
Estatus retirado Estado de pérdida Estado de daño No para préstamo Colección Biblioteca de origen Biblioteca actual Ubicación en estantería Fecha de adquisición Fuente de adquisición Total de préstamos Signatura topográfica completa Código de barras Visto por última vez Precio de reemplazo Tipo de ítem Koha
        Libros del s. XIX Biblioteca del Ateneo de Madrid Biblioteca del Ateneo de Madrid Sala Pardo Bazán 17/01/2008     B-3607 1175932 23/02/2023 23/02/2023 Libro impreso antiguo